Naive set theory. (Record no. 649578)
[ view plain ]
| 000 -LEADER | |
|---|---|
| fixed length control field | 01075nam a2200229Ia 4500 |
| 003 - CONTROL NUMBER IDENTIFIER | |
| control field | OSt |
| 005 - DATE AND TIME OF LATEST TRANSACTION | |
| control field | 20250625095940.0 |
| 008 - FIXED-LENGTH DATA ELEMENTS--GENERAL INFORMATION | |
| fixed length control field | 220923b |||||||| |||| 00| 0 eng d |
| 037 ## - SOURCE OF ACQUISITION | |
| Terms of availability | Reference |
| 040 ## - CATALOGING SOURCE | |
| Original cataloging agency | RTL |
| Transcribing agency | RTL |
| Language of cataloging | eng |
| 041 ## - LANGUAGE CODE | |
| Source of code | eng |
| Language code of text/sound track or separate title | eng |
| 084 ## - COLON CLASSIFICATION NUMBER | |
| Classification number | B217 K0/SC |
| Assigning agency | RTL |
| 100 ## - MAIN ENTRY--PERSONAL NAME | |
| Personal name | Halmos, Paul R. |
| 9 (RLIN) | 154527 |
| 245 #0 - TITLE STATEMENT | |
| Title | Naive set theory. |
| 260 ## - PUBLICATION, DISTRIBUTION, ETC. | |
| Place of publication, distribution, etc. | Princenton |
| Name of publisher, distributor, etc. | D. Van Nostrand Company, Inc. |
| Date of publication, distribution, etc. | 1960 |
| 300 ## - PHYSICAL DESCRIPTION | |
| Extent | vii, 104 p. |
| Dimensions | cm. |
| Other physical details | Includes index |
| 490 ## - SERIES STATEMENT | |
| Series statement | University Series in Undergraduate Mathematics |
| 520 ## - SUMMARY, ETC. | |
| Summary, etc. | Halmos begins, "Every mathematician agrees that every mathematician must know some set theory; the disagreement begins in trying to decide how much is some. This book contains my answer ... with the minimum of philosophical discourse and logical formalism." The mathematician, scientist, or engineer who needs to know the facts of set theory will find this crisp, clear, concise book, by a master expositor, ideal.<br/> |
| 650 ## - SUBJECT ADDED ENTRY--TOPICAL TERM | |
| Topical term or geographic name entry element | Mathematics |
| 942 ## - ADDED ENTRY ELEMENTS (KOHA) | |
| Classification part | B217 K0/SC |
| Koha item type | Reference |
| Source of classification or shelving scheme | Colon Classification (CC) |
| Suppress in OPAC | No |
| Withdrawn status | Lost status | Source of classification or shelving scheme | Damaged status | Not for loan | Home library | Current library | Date acquired | Total Checkouts | Full call number | Barcode | Date last seen | Price effective from | Koha item type |
|---|---|---|---|---|---|---|---|---|---|---|---|---|---|
| Colon Classification (CC) | Ratan Tata Library | Ratan Tata Library | 2022-09-26 | B217 K0/SC | RT1149430 | 2022-09-26 | 2022-09-26 | Reference |
